Use of integrated approach to disparities evaluation in countries and regions of Visegrad four in comparison with Austria and Germany

Porovnanie disparít v ekonomických a sociálnych oblastiach 6 členských krajín EÚ, resp. 83 regiónov (NUTS 2). Analýza hodnotenia prevedená váženým syntetickým súhrnným indexom disparít.

Salvato in:
Dettagli Bibliografici
Autore principale: Melecký, Lukáš
Altri autori: Staníčková, Michaela
Natura: Capitolo di libro
Lingua:inglese
Soggetti:
Tags: Aggiungi Tag
Nessun Tag, puoi essere il primo ad aggiungerne!!

MARC

LEADER 00000naa a2200000 4500
001 0192723
005 20231128131932.4
041 0 |a eng 
044 |a CZ 
245 1 0 |a Use of integrated approach to disparities evaluation in countries and regions of Visegrad four in comparison with Austria and Germany  |c Lukáš Melecký, Michaela Staníčková 
520 |a Porovnanie disparít v ekonomických a sociálnych oblastiach 6 členských krajín EÚ, resp. 83 regiónov (NUTS 2). Analýza hodnotenia prevedená váženým syntetickým súhrnným indexom disparít. 
610 2 0 |a kohézia 
610 2 0 |a disparita 
610 2 0 |a regióny ekonomické 
610 2 0 |a indexy 
610 2 0 |a Nemecko 
610 2 0 |a Rakúsko 
610 2 0 |a Vyšehradská štvorka 
100 1 |a Melecký, Lukáš 
700 1 |a Staníčková, Michaela